Countries of North America by borders in 15 seconds - Statistics

General Stats
  • This quiz has been taken 1,649 times
  • The average score is 10 of 12
Answers on the Map
Answers color-coded by a green-red scale on the quiz's map according to % correct below.
 
Answer Stats
Country % Correct
Mexico
99%
United States
99%
Canada
98%
Costa Rica
83%
Guatemala
81%
Honduras
81%
Belize
79%
Nicaragua
78%
Panama
76%
El Salvador
72%
Dominican Republic
61%
Haiti
61%
No matching quizzes found
Score Distribution
Percent of People with Each Score
Percentile by Number Answered
Your Score History
You have not taken this quiz